000 00470nam a2200157Ia 4500
008 160316s1971 xxu||||| |||| 00| 0 eng d
082 _a341.488000
_bEXP
100 _a
245 _aExplanatory report on the European convention on the repartriation of minors
250 _a
260 _aStrasbourg
_bCouncil of Europe
_c1971
300 _a38p
_b
_c
365 _b
650 _a1.Repartriation - Minors - European Convention - An Explanatory Report
700 _a
_a
999 _c17237
_d17237